Die größten Städte mit E - Statistiken

Allgemein
  • Dieses Quiz wurde 245 mal gespielt
  • Das Durchschnittsergebnis liegt bei 3 aus 10
Antwortstatistiken
Einwohner Antwort Land % Korrekt
620.000 Essen Deutschland
100%
830.000 Edinburgh Vereinigtes Königreich (Schottland)
88%
1.500.000 Edmonton Kanada
68%
1.000.000 El Paso USA
27%
1.400.000 Erbil Irak
26%
870.000 Eskişehir Türkei
12%
1.090.000 Enugu Nigeria
9%
1.800.000 Ecatepec de Morales Mexiko
8%
1.200.000 Ezhou China
5%
600.000 Erode Indien
4%
Keine übereinstimmenden Quizze gefunden
Verteilung der Resultate
Anzahl Personen mit jedem Resultat
Perzentil nach korrekt beantworteten Fragen
Ihre Resultats-Entwicklung
Sie haben dieses Quiz noch nicht gespielt